| 000 | nam a22 a 4500 | ||
|---|---|---|---|
| 999 |
_c4017 _d4017 |
||
| 005 | 20170524155853.0 | ||
| 008 | 170524b1988 A ||||| |||| 00| 0 eng d | ||
| 020 | _a0731800281 | ||
| 040 | _aAKMAL | ||
| 082 | _a808.51 MAL | ||
| 090 |
_a808.51 _bMAL |
||
| 245 |
_aHOW TO CREATE AND DELIVER A DYNAMIC PRESENTATION _cDOUG MALOUF |
||
| 260 |
_aAUSTRALIA _bSIMON & SCHUSTER _c1988 |
||
| 300 |
_a128pg,; _c25 cm |
||
| 942 |
_2ddc _cBOOK |
||